| 000 | 00900cam a22002174a 4500 | ||
|---|---|---|---|
| 005 | 20250605164044.0 | ||
| 008 | 250528s ||||||||||||||||||||||||d | ||
| 035 | _a17068 | ||
| 020 | _a415070015 | ||
| 040 |
_aGR-AtMCL _bgre _dGR-AtMCL _eAACR2 |
||
| 245 | 1 | _aLanguage as Ideology / Second Edition | |
| 250 | _a2nd | ||
| 260 |
_bRouledge, _c1993 |
||
| 300 | _a234 | ||
| 520 | _aThis book provides the most detailed theoretical account of the operation of power and ideology in all aspects of text. Preface, The Scope of Linguistics, Transformations and Truth, Language and Processes: Models for Things that Move, Classification and Control, Utterances in Discourse, Classification as Process, Reality and Power and Time, Negation, Reading Power, Bibliography, Index. | ||
| 700 | 1 |
_aHodge Robert _93198 |
|
| 700 | 1 |
_aKress Gunther _93199 |
|
| 942 | _cBK | ||
| 999 |
_c2508 _d2508 |
||